Systems analysis & design / (Record no. 192948)
[ view plain ]
| 000 -LEADER | |
|---|---|
| fixed length control field | 01058nam a2200301 i 4500 |
| 003 - CONTROL NUMBER IDENTIFIER | |
| control field | MY-SjTCS |
| 005 - DATE AND TIME OF LATEST TRANSACTION | |
| control field | 20260203104843.0 |
| 008 - FIXED-LENGTH DATA ELEMENTS--GENERAL INFORMATION | |
| fixed length control field | 191113t20242024njua b 001|0|eng|d |
| 020 ## - INTERNATIONAL STANDARD BOOK NUMBER | |
| International Standard Book Number | 9780137947836 |
| Qualifying information | paperback |
| 040 ## - CATALOGING SOURCE | |
| Original cataloging agency | StDuBDS |
| Language of cataloging | eng |
| Transcribing agency | StDuBDS |
| Modifying agency | Uk |
| Description conventions | rda |
| Modifying agency | MY-SjTCS |
| 082 04 - DEWEY DECIMAL CLASSIFICATION NUMBER | |
| Classification number | 004.21 |
| Item number | KEN 2024 |
| 100 1# - MAIN ENTRY--PERSONAL NAME | |
| Personal name | Kendall, Kenneth E., |
| Dates associated with a name | 1948- |
| Relator term | author. |
| 9 (RLIN) | 3132 |
| 245 10 - TITLE STATEMENT | |
| Title | Systems analysis & design / |
| Statement of responsibility, etc. | Kenneth E. Kendall, Julie E. Kendall. |
| 246 30 - VARYING FORM OF TITLE | |
| Title proper/short title | Systems analysis and design |
| 250 ## - EDITION STATEMENT | |
| Edition statement | 11th edition. |
| 264 #1 - PRODUCTION, PUBLICATION, DISTRIBUTION, MANUFACTURE, AND COPYRIGHT NOTICE | |
| Place of production, publication, distribution, manufacture | Hoboken, NJ : |
| Name of producer, publisher, distributor, manufacturer | Pearson Education Inc., |
| Date of production, publication, distribution, manufacture, or copyright notice | [2024] |
| 264 #4 - PRODUCTION, PUBLICATION, DISTRIBUTION, MANUFACTURE, AND COPYRIGHT NOTICE | |
| Date of production, publication, distribution, manufacture, or copyright notice | ©2024 |
| 300 ## - PHYSICAL DESCRIPTION | |
| Extent | xxxiv, 572 pages : |
| Other physical details | illustrations (colour) ; |
| Dimensions | 28 cm |
| 336 ## - CONTENT TYPE | |
| Content type term | text |
| Source | rdacontent |
| 337 ## - MEDIA TYPE | |
| Media type term | unmediated |
| Source | rdamedia |
| 338 ## - CARRIER TYPE | |
| Carrier type term | volume |
| Source | rdacarrier |
| 504 ## - BIBLIOGRAPHY, ETC. NOTE | |
| Bibliography, etc. note | Includes bibliographical references and index. |
| 650 #0 - SUBJECT ADDED ENTRY--TOPICAL TERM | |
| Topical term or geographic name entry element | System design. |
| 9 (RLIN) | 201170 |
| 650 #0 - SUBJECT ADDED ENTRY--TOPICAL TERM | |
| Topical term or geographic name entry element | System analysis. |
| 9 (RLIN) | 201305 |
| 650 #0 - SUBJECT ADDED ENTRY--TOPICAL TERM | |
| Topical term or geographic name entry element | Systems programming (Computer science) |
| 9 (RLIN) | 13094 |
| 700 1# - ADDED ENTRY--PERSONAL NAME | |
| Personal name | Kendall, Julie E., |
| Dates associated with a name | 1952- |
| Relator term | author. |
| 9 (RLIN) | 13095 |
| 920 ## - Programme | |
| Programme | SCS : 339578 |
| Withdrawn status | Lost status | Source of classification or shelving scheme | Damaged status | Not for loan | Home library | Current library | Date acquired | Source of acquisition | Cost, normal purchase price | Inventory number | Total Checkouts | Barcode | Date last seen | Cost, replacement price | Price effective from | Koha item type | Public note |
|---|---|---|---|---|---|---|---|---|---|---|---|---|---|---|---|---|---|
| Dewey Decimal Classification | Taylor's Library-TU | Taylor's Library-TU | 29/12/2025 | 42 | 1010.30 | TU700001865 | 5000176383 | 29/12/2025 | 1010.30 | 29/12/2025 | Reserve Collection | SCSxx,92603,03,RM |